000 nam a22 a 4500
999 _c127438
_d127438
003 BLK
005 20201013150301.0
008 180409b bul|||||r ||||||| ||bul||
010 _aKNG00133140000
040 _aBLK
041 _aBUL
_cBUL
072 7 _2bullib
_aЦ
_xРедки и ценни
080 _aХристиянски монашески ордени. Манастири. Монаси. Отшелници
_b27-788
_x(460)(092)
_z27-788(460)(092)
080 _aИстория на Испания
_b946.0
_x(092)
_z946.0(092)
080 _aОсновател на йезуитския орден
_b929 Лойола, Иниго Оняс де
_z929 Лойола, Иниго Оняс де
100 1 _aБиков, Александър Алексеевич
_eпърви автор
_9320687
139 _aБиков, Александър Алексеевич
_bБ 44
245 1 0 _aИ. Лойола
_bНегова живот и общ. му деятелност : Биогр. очерк
_cАлександър Алексеевич Биков; прев. Захари Атанасов Бояджиев.
257 _aRUS
260 _bИзд. прев.
_c1896
_fТърново : скоропеч. на Пано Иванов
_aТърново
300 _a84 с.
_bс 1 л. портр.
_c23 см
380 _a2
490 1 _aЖурнал Научно списание
_vГ. 10, № 3, 4 и 5
490 _aКолекция Редки и ценни издания
_9435080
600 1 4 _aЛойола, Иниго Оняс де
_9223602
650 4 _aЛойола, Иниго Оняс де
_9223602
650 4 _aИспания - история
_9273484
650 4 _aРелигии - Испания
_9320689
650 4 _aИнквизиция - история
_9157246
651 4 _aИспания
_9178962
653 _aИгнатий Лойола
653 _aинквизиция
653 _aбиографии
653 _aистория на религиите
659 _aЦ
700 1 _aБояджиев, Захари Атанасов
_eпрев.
_9320688
852 _aРб 896
_bРц
856 4 _qpdf
856 4 _qpdf
942 _cKNG
_n0
_s1
944 _aCR
_c24.08.2012
_lф / 24.08.2012
_kЛюдмила_Стоянова
944 _aED
_c19.11.2013
_lф / 24.08.2012
999 _d127438